HISTORICAL DICTIONARY OF EGYPT

محفوظ في:

المؤلف الرئيسي: Joan wucher king

التنسيق: كتاب

اللغة: Undetermined

منشور في: Cairo the American University in Cairo 1989

الوسوم: إضافة وسم

لا توجد وسوم, كن أول من يضع وسما على هذه التسجيلة!

رقم الطلب: (REF)DT 45 W83 1989

LEADER 00471nam a2200133Ia 4500
008 221002s9999||||xx |||||||||||||| ||und||
020 |a 9774242130 
050 4 |a (REF)DT 45 W83 1989 
100 1 |a Joan wucher king  
245 1 0 |a HISTORICAL DICTIONARY OF EGYPT 
264 1 |a Cairo  |b the American University in Cairo  |c 1989 
942 |2 lcc  |c BK 
952 |0 0  |1 0  |2 lcc  |4 0  |7 1  |9 43006  |a ARCE  |b ARCE  |d 2022-10-02  |l 0  |o (REF)DT 45 W83 1989  |p 1037967  |r 2022-10-02 00:00:00  |w 2022-10-02  |y BK 
999 |c 49562  |d 49562